Culture Générale - Série 2690 - Statistiques

Statistiques générales
  • Ce quiz a été pris 89 fois
  • Le résultat moyen est 6 sur 10
Statistiques - réponses
Question Réponse % Correct
A qui les médecins doivent-ils prêter serment ? Hippocrate
79%
Comment appelait-on autrefois l'Iran ? Perse
74%
Dans quel sport peut-on brandir le bouclier de Brennus ? rugby
73%
Qui était surnommé "l'Incorruptible" sous la Révolution ? Robespierre
69%
Quel est le numéro du département de la Saône-et-Loire ? 71
68%
Qu'est-ce que la "Licorne" dont Tintin perce le secret ? bateau
65%
Par quel terme désigne-t-on une partie nulle aux échecs ? pat
56%
Quelle île est située entre le Mozambique et Madagascar ? Mayotte
53%
Quel chevalier de la Table ronde est également appelé "le Gallois" ? Perceval
51%
Dans la mythologie grecque quelle est la soeur jumelle d'Apollon ? Artémis
44%
Aucun quiz correspondant
Distribution des résultats
% des personnes avec chaque résultat
Percentile par nombre de réponses
Votre historique - résultats
Vous n’avez pas pris ce quiz